000 00419nam a22001817a 4500
003 MPLRDC
005 20220104152319.0
008 210129b ||||| |||| 00| 0 eng d
020 _a983-41438-6-9
082 _a848.2 ZMJ-25
100 _a张曼娟著
245 _a黄鱼听雷
_c
250 _a初版
260 _a
_b星洲日报
_c2004
300 _b
650 _a现代别集
942 _cBK
_o848.2 ZMJ-25
999 _c52823
_d52813